000 00641nam a2200229Ia 4500
003 OSt
005 20220923230334.0
006 a|||||r|||| 00| 0
007 ta
008 220922b |||||||| |||| 00| 0 pan d
024 _a279,580
037 _cTextual
040 _aARTS
_cARTS
_bpan
041 _2pan
_apan
082 _aO153,6M95x, J4
100 _aਸਿੰਘ, ਗੁਰਬ॥F
245 0 _aਮੇਰੀਆਂ ਅਭੁਲ ਯਾਦਾਂ
260 _c1954
650 _aਪੰਜਾਬੀ ਸਾਹਿਤ
942 _hO153,6M95x, J4
_cTEXL
_2CC
999 _c384073
_d384073